El cocinero de su majestad (Record no. 104901)

MARC details
000 -LEADER
campo de control de longitud fija 00810nam a2200229 i 4500
001 - NÚMERO DE CONTROL
campo de control 104901
003 - IDENTIFICADOR DE NÚMERO DE CONTROL
campo de control ES-MaACL
005 - FECHA Y HORA DE LA ÚLTIMA TRANSACCIÓN
campo de control 20231224062927.0
007 - CAMPO FIJO DE DESCRIPCIÓN FÍSICA--INFORMACIÓN GENERAL
campo de control de longitud fija t|
008 - DATOS DE LONGITUD FIJA--INFORMACIÓN GENERAL
campo de control de longitud fija 060523s1939 ag ||||1| spa d
080 ## - NÚMERO DE LA CLASIFICACIÓN DECIMAL UNIVERSAL
Número de la Clasificación Decimal Universal 821.134.2-31"18"
100 1# - ENTRADA PRINCIPAL--NOMBRE DE PERSONA
Nombre de persona Fernández y González, Manuel,
Fechas asociadas al nombre 1821-1888
9 (RLIN) 50183
245 13 - MENCIÓN DEL TÍTULO
Título El cocinero de su majestad
Resto del título : (memorias del tiempo de Felipe III) /
Mención de responsabilidad, etc. por Manuel Fernández y González.
250 ## - MENCION DE EDICION
Mención de edición 1ª ed.
260 ## - PUBLICACIÓN, DISTRIBUCIÓN, ETC.
Lugar de publicación, distribución, etc. Buenos Aires :
Nombre del editor, distribuidor, etc. Sopena,
Fecha de publicación, distribución, etc. 1939.
300 ## - DESCRIPCIÓN FÍSICA
Extensión 2 v. ;
Dimensiones 23 cm.
490 1# - MENCIÓN DE SERIE
Mención de serie Biblioteca mundial Sopena
651 #4 - PUNTO DE ACCESO ADICIONAL DE MATERIA--NOMBRE GEOGRÁFICO
Nombre geográfico España-
Subdivisión general Historia-
Subdivisión cronológica 1598-1621, Felipe III-
Subdivisión de forma Novelas.
9 (RLIN) 171410
830 1# - PUNTO DE ACCESO ADICIONAL DE SERIE-TÍTULO UNIFORME
Título uniforme Biblioteca mundial Sopena
9 (RLIN) 184865
852 ## - LOCALIZACIÓN
Ubicación ES-MaACL
Número de control de estantería E-11218-19
Nota libre - Biblioteca Jacinto Martínez Lacalle.
Holdings
Estatus retirado Estado de pérdida Estado de daño No para préstamo Biblioteca de origen Biblioteca actual Ubicación en estantería Fecha de adquisición Fuente de adquisición Total de préstamos Signatura topográfica completa Código de barras Visto por última vez Precio de reemplazo Tipo de ítem Koha
        Biblioteca del Ateneo de Madrid Biblioteca del Ateneo de Madrid Depósito 2 17/01/2008     E-11218-19 1109515 23/02/2023 23/02/2023 Libro impreso